Zwycięzcy Klasyfikacji Medalowej Zimowych Igrzysk Olimpijskich - Statystyki

Ogólne statystyki
  • Ten quiz został rozwiązany 41 razy
  • Średni wynik to 22 z 25
Statystyki odpowiedzi
IO Zwycięzca % Poprawnych
Lake Placid 1932 Stany Zjednoczone
98%
Lillehammer 1994 Rosja
93%
Vancouver 2010 Kanada
90%
Pekin 2022 Norwegia
90%
Pyeongchang 2018 Norwegia
90%
Soczi 2014 Norwegia
90%
Salt Lake City 2002 Norwegia
90%
Grenoble 1968 Norwegia
90%
Oslo 1952 Norwegia
90%
St. Moritz 1948 Norwegia
90%
Ga-Pa 1936 Norwegia
90%
St. Moritz 1928 Norwegia
90%
Chamonix 1924 Norwegia
90%
Turyn 2006 Niemcy
88%
Nagano 1998 Niemcy
88%
Albertville 1992 Niemcy
88%
Szwecja
88%
Calgary 1988 Związek Radziecki
85%
Lake Placid 1980 Związek Radziecki
85%
Innsbruck 1976 Związek Radziecki
85%
Sapporo 1972 Związek Radziecki
85%
Innsbruck 1964 Związek Radziecki
85%
Squaw Valley 1960 Związek Radziecki
85%
Cortina d'Ampezzo 1956 Związek Radziecki
85%
Sarajewo 1984 NRD
44%
Nie znaleziono quizów pasujących do podanych kryteriów
Rozkład punktacji
Procent ludzi z każdym wynikiem
Percentyl według liczby udzielonych odpowiedzi
Twoja historia wyników
Nie rozwiązałeś tego quizu